000 01848nam a2200373 i 4500
001 156732
003 ES-MaACL
005 20250829082741.0
008 040806e1799 gw abc||r 001 0dfre d
040 _cES-MaACL
080 _a910.4"17"
080 _a910.4(100)"17"
080 _a929 La Pérouse, Jean-François de Galaup, comte de
100 1 _aLa Pérouse, Jean-François de Galaup,
_ccomte de,
_d1741-1788
_eaut
_9128525
245 1 0 _aRelation abrégée du voyage de La Pérouse :
_bpendant les années 1785, 1786, 1787 et 1788 ; pour faire suite à l'Abrégé de l'histoire générale de Voyages, par Laharpe ; avec portrait, figures et carte
246 1 _aAbrégé de l'histoire générale de voyages
260 _aA Leipsick :
_b[s.n.],
_c1799
300 _aXXXVI, 562 páginas, [2] en blanco, [6] hojas de láminas (blanco y negro) ;
_c
500 _aÍndice
530 _aDisponible en formato digital
597 _aSign.: A-B8, C2, 1-358, 362.
599 _aHojas de láminas: grabados xilográficos, retrato del autor y escenas de nativos de diversos pueblos
600 1 4 _aLa Pérouse, Jean-François de Galaup,
_ccomte de,
_d1741-1788
_9128525
650 7 _aDescubrimientos geográficos
_2embne
_911827
650 4 _aViajes alrededor del mundo-
_yS.XVIII
_9159809
655 4 _aNarraciones de viajes
_9233914
700 1 _9139042
_aLa Harpe, Jean-François de,
_d1739-1803
_eaut
752 _aAlemania -
_dLeipzig
852 4 _aES-MaACL
_cDEPO
_dOlim:G-10247
_gAnot. ms.: "Lisbonne Février 1841"
_jR-1202
_xHolandesa
856 4 _uhttps://archive.org/details/cihm_45471/page/n5/mode/2up
_yVersión en línea
_z(Internet Archive)
856 4 _uhttps://babel.hathitrust.org/cgi/pt?id=aeu.ark:/13960/t3bz71h05&seq=6
_yVersión en línea
_z(HathiTrust)
942 _cMONANT
_n0
999 _c156732
_d156732